Библиотека патологоанатома. Вып. 64: Противоэпидемические мероприятия в ПАО. Тактика аутопсий. Особо опасные инфекции. СПИД. Туберкулез. Прионовые болезни. Атипичная пневмония (Запись № 12539101)

Подробности
000 -МАРКЕР
контрольное поле 01702nam2a2200253 4500
001 - ИДЕНТИФИКАТОР ЗАПИСИ
контрольное поле RU\NLR\BIBL_A\022030661
005 - ИДЕНТИФИКАТОР ВЕРСИИ
контрольное поле 20260405221654.0
035 ## - ДРУГИЕ СИСТЕМНЫЕ НОМЕРА
Идентификатор записи (NLR Aleph) 022030661
100 ## - ДАННЫЕ ОБЩЕЙ ОБРАБОТКИ
Данные общей обработки 20230919d2005 |||y0rusy50 ca
101 0# - ЯЗЫК РЕСУРСА
Язык текста, звукозаписи и т.д. русский
102 ## - СТРАНА ПУБЛИКАЦИИ ИЛИ ПРОИЗВОДСТВА
Страна публикации Российская Федерация
200 1# - ЗАГЛАВИЕ И СВЕДЕНИЯ ОБ ОТВЕТСТВЕННОСТИ
Основное заглавие Противоэпидемические мероприятия в ПАО. Тактика аутопсий. Особо опасные инфекции. СПИД. Туберкулез. Прионовые болезни. Атипичная пневмония
Первые сведения об ответственности В.Л. Белянин, Г.В. Волкова, Г.С. Степанова, Г.Б. Ковальский
210 ## - ПУБЛИКАЦИЯ, РАСПРОСТРАНЕНИЕ И ДР.
Дата издания, распространения и т.д. 2005
Место издания, распространения и т.д. Б. м.
461 #0 - УРОВЕНЬ НАБОРА
Встроенное поле 001RU\NLR\Per\504165
-- 2001#$aБиблиотека патологоанатома$eнаучно-практический журнал$fРос. о-во патологоанатомов, С.-Петерб. гор. патологоанатом. бюро$vВып. 64
Системный номер (АБИС) связанной записи 4214865
Место публикации Санкт-Петербург
Дата публикации 2005 -
Первые сведения об ответственности Рос. о-во патологоанатомов, С.-Петерб. гор. патологоанатом. бюро
Имя издателя, распространителя и т.д. ГПАБ
Сведения, относящиеся к заглавию научно-практический журнал
Заглавие Библиотека патологоанатома
Номер тома Вып. 64
701 #1 - ИМЯ ЛИЦА - АЛЬТЕРНАТИВНАЯ ОТВЕТСТВЕННОСТЬ
Начальный элемент ввода Белянин
Часть имени, кроме начального элемента ввода В. Л.
701 #1 - ИМЯ ЛИЦА - АЛЬТЕРНАТИВНАЯ ОТВЕТСТВЕННОСТЬ
Материалы, к которым относится поле rus
Графика поля Кириллица
Начальный элемент ввода Волкова
Часть имени, кроме начального элемента ввода Г. В.
Дополнения к именам, кроме дат врач-эпидемиолог
Расширение инициалов личного имени Галина Владимировна
Идентификатор авторитетной/нормативной записи RU\NLR\AUTH\7799966
Системный номер авторитетной/нормативной записи 82892
701 #1 - ИМЯ ЛИЦА - АЛЬТЕРНАТИВНАЯ ОТВЕТСТВЕННОСТЬ
Графика поля Кириллица
Материалы, к которым относится поле rus
Начальный элемент ввода Степанова
Часть имени, кроме начального элемента ввода Г. С.
Дополнения к именам, кроме дат врач-эпидемиолог
Системный номер авторитетной/нормативной записи 259749
Идентификатор авторитетной/нормативной записи RU\NLR\AUTH\770259805
701 #1 - ИМЯ ЛИЦА - АЛЬТЕРНАТИВНАЯ ОТВЕТСТВЕННОСТЬ
Начальный элемент ввода Ковальский
Часть имени, кроме начального элемента ввода Г. Б.
852 ## - МЕСТОНАХОЖДЕНИЕ И ШИФР ХРАНЕНИЯ
Идентификатор организации NLR
Шифр хранения (Call Number) П16/1904
942 ## - ДОПОЛНИТЕЛЬНЫЕ ЭЛЕМЕНТЫ ЗАПИСИ (АБИС)
Тип экземпляра АБИС Выпуск
980 ## - КОЛЛЕКЦИЯ
Название коллекции Национальная библиография
980 ## - КОЛЛЕКЦИЯ
Название коллекции Русская периодика

Нет доступных экземпляров.